El derecho comercial y su aplicación al marketing y al management. /

Guardado en:
Autor Principal: O'Donnell, Gastón Alejandro.
Otros Autores: Norcini, Alicia B., Fontes, Alejandro
Formato: Libro
Idioma:Spanish
Publicado: Buenos Aires : Erreius, 2016.
Edición:2a. ed. ampliada y actualizada.
Materias:
Etiquetas: Agregar Etiqueta
Sin Etiquetas, Sea el primero en etiquetar este registro!
LEADER 01020nam a22002655a 4500
001 EAD.ead004397
008 191111s2016####ag#######b####000#0#spa#d
005 20200228120920.0
245 1 3 |a El derecho comercial y su aplicación al marketing y al management. /  |c Gastón Alejandro O'Donnell, Alicia B. Norcini, Alejandro P. Fontes. 
250 |a 2a. ed. ampliada y actualizada. 
260 |a Buenos Aires :  |b Erreius,  |c 2016. 
300 |a xxxvii, 696 p. ;  |c 24 cm. 
504 |a Incluye referencias bibliográficas (p. 693-696). 
020 |a 9789873953538 
100 1 |a O'Donnell, Gastón Alejandro. 
700 1 |a Norcini, Alicia B.  |q (Alicia Beatriz) 
700 1 |a Fontes, Alejandro  |q (Alejandro Pablo) 
082 0 4 |a 347  |2 19 
650 7 |a Derecho mercantil.  |2 unbist 
650 7 |a Sociedades comerciales.  |2 unbist 
650 7 |a Derecho bancario.  |2 unbist 
650 7 |a Quiebra.  |2 unbist 
650 7 |a Contratos.  |2 unbist 
650 7 |a Derecho del trabajo.  |2 unbist 
859 |a AR-BaBDC  |b BIB. ADMINISTRACION - Libros  |h 347  |i Od5a2  |p b07034